Competitivenes of Slovak republic economy after EU integration bakalárska práca

Gespeichert in:
Bibliographische Detailangaben
1. Verfasser: Kravec, Michal, 1986-
Körperschaft: Podnikovohospodárska fakulta EU so sídlom v Košiciach. Katedra manažmentu
Weitere Verfasser: Tkáč, Michal, 1958-
Format: Buch
Sprache:Englisch
Veröffentlicht: Košice 2009
Tags: Tag hinzufügen
Keine Tags, Fügen Sie das erste Tag hinzu!

MARC

LEADER 00000nam$a2200000$$$4500
001 0106789
005 20240318114159.2
041 0 |a eng 
044 |a SK 
245 1 0 |a Competitivenes of Slovak republic economy after EU integration  |b bakalárska práca  |c Michal Kravec ; škol. Michal Tkáč 
264 1 |a Košice  |c 2009 
300 |a 42 s. 
100 1 |a Kravec, Michal, 1986- 
700 1 |a Tkáč, Michal, 1958- 
710 2 |a Podnikovohospodárska fakulta EU so sídlom v Košiciach. Katedra manažmentu